| 000 | 00721nam a2200241Ia 4500 | ||
|---|---|---|---|
| 005 | 20250425162501.0 | ||
| 008 | 250425s9999 xx 000 0 und d | ||
| 020 | _a9780132239448 | ||
| 041 | _aeng | ||
| 043 | _axxu | ||
| 082 |
_a621.389 32 _pWON |
||
| 100 | _aWong, Yue Ling | ||
| 245 | 0 |
_aDigital Media Primer _bDigital Audio, Video, Imaging and Multimedia Programming _cYue-Ling Wong |
|
| 260 |
_aEstados Unidos _bPearson _c2009 |
||
| 300 |
_a360 p. _bIlustrado _c24 cm |
||
| 500 | _aIncluye tabla de contenido, bibliografía | ||
| 650 | _aMedio de comunicación digital | ||
| 650 | _aMultimedia | ||
| 650 | _aProgramación-Multimedia | ||
| 902 |
_aMonográfico _cImpreso |
||
| 942 | _c01 | ||
| 010 | _a77168 | ||
| 999 |
_c230172 _d230172 |
||